000
00335pam a2200157a 44500
008
230515b2008 xxu||||| |||| 00| 0 eng d
020
_a
NULL
041
_a
ENGLISH
082
_a
ND
100
_a
UMAARAJI
245
_a
CONCISES OF ORAL RADIOLOGY
250
_a
1
260
_a
_b
C B S PUB
_c
2008
300
_a
269
650
_a
NULL
999
_c
560428
_d
560428